[Event "New Zealand Open Ch'p 2015"]
[Site "Devonport, Auckland"]
[Date "2015.01.02"]
[Round "2.25"]
[White "Goodhue, Nathan"]
[Black "Vincenti, David"]
[Result "1-0"]
[WhiteElo "2020"]
[BlackElo "2106"]
[PlyCount "105"]
[EventDate "2015.01.01"]
[EventType "swiss"]
[EventRounds "9"]
[SourceDate "2015.01.01"]

1. c4 e6 2. g3 f5 3. Bg2 Nf6 4. d3 Be7 5. Nc3 O-O 6. e4 fxe4 7. dxe4 e5 8. Be3
Bb4 9. Rc1 d6 10. a3 Bxc3+ 11. Rxc3 Ng4 12. f3 Nxe3 13. Rxe3 Be6 14. b3 Nc6 15.
Ne2 a5 16. Rc3 Qf6 17. O-O Nd4 18. Nxd4 exd4 19. Rc2 a4 20. Qd3 c5 21. b4 b5
22. cxb5 c4 23. Rxc4 Bxc4 24. Qxc4+ Kh8 25. Bh3 Qh6 26. Kg2 Qd2+ 27. Rf2 Qe3
28. Bd7 Qxa3 29. Qxd4 Qb3 30. Bc6 Rab8 31. Bd5 Qb1 32. b6 a3 33. b7 Qc1 34. Qd2
Qb1 35. Rf1 Qb2 36. Qxb2 axb2 37. Rb1 g5 38. Rxb2 Kg7 39. Rc2 Kf6 40. Kf2 Ke5
41. Ke3 h5 42. Rc7 Rbe8 43. Bc6 Rb8 44. Bd5 Rbe8 45. h4 gxh4 46. f4+ Kf6 47.
gxh4 Rd8 48. Kd4 Rfe8 49. Rf7+ Kg6 50. f5+ Kh6 51. Be6 Rb8 52. Kd5 Red8 53. Rc7
1-0

[Event "New Zealand Open Ch'p 2015"]
[Site "Devonport, Auckland"]
[Date "2015.01.02"]
[Round "2.26"]
[White "Duneas, John"]
[Black "McNabb, Matthew D"]
[Result "1/2-1/2"]
[WhiteElo "2054"]
[BlackElo "2069"]
[PlyCount "84"]
[EventDate "2015.01.01"]
[EventType "swiss"]
[EventRounds "9"]
[SourceDate "2015.01.01"]

1. d4 Nf6 2. c4 g6 3. Nc3 Bg7 4. e4 d6 5. Be2 O-O 6. Nf3 e5 7. O-O Nc6 8. d5
Ne7 9. Ne1 Nd7 10. Nd3 f5 11. Bd2 c5 12. a3 Nf6 13. f3 b6 14. b4 Ne8 15. a4 Bd7
16. Qb3 Rb8 17. Rfb1 cxb4 18. Nxb4 Qc8 19. Nd3 fxe4 20. fxe4 Nf6 21. Qb4 Qc7
22. Nb5 Bxb5 23. cxb5 Rfc8 24. Rc1 Qd7 25. h3 h5 26. Be3 Kh7 27. Bg5 Nexd5 28.
exd5 Nxd5 29. Qb3 Qf5 30. Bd2 Ne7 31. Nb4 d5 32. Na6 Rxc1+ 33. Rxc1 Rd8 34. Bb4
Ng8 35. Nc7 e4 36. Rd1 d4 37. Ne6 d3 38. Nxd8 dxe2 39. Re1 Bd4+ 40. Kh2 Be5+
41. Kg1 Bd4+ 42. Kh2 Be5+ 1/2-1/2

[Event "New Zealand Open Ch'p 2015"]
[Site "Devonport, Auckland"]
[Date "2015.01.02"]
[Round "2.27"]
[White "Schmitz, Andreas Arnold"]
[Black "Lee, Edward"]
[Result "1/2-1/2"]
[WhiteElo "2066"]
[BlackElo "2061"]
[PlyCount "81"]
[EventDate "2015.01.01"]
[EventType "swiss"]
[EventRounds "9"]
[SourceDate "2015.01.01"]

1. e4 c6 2. Nc3 d5 3. Qf3 d4 4. Bc4 e6 5. Nce2 b5 6. Bd3 Qb6 7. c3 e5 8. Qg3 f6
9. f4 exf4 10. Nxf4 g5 11. Nfe2 c5 12. cxd4 Nc6 13. Nc3 c4 14. Nd5 Qxd4 15. Bb1
Rb8 16. Nf3 Qc5 17. d4 cxd3 18. Bxd3 Bd6 19. Qf2 Qxf2+ 20. Kxf2 g4 21. Nh4 Ne5
22. Be2 Nc4 23. b3 Be5 24. Bf4 Bxf4 25. Nxf4 Nd6 26. Rhe1 Ne7 27. Bd3 O-O 28.
Rad1 Rb6 29. g3 Kg7 30. e5 fxe5 31. Rxe5 Nef5 32. Nxf5+ Bxf5 33. Bxf5 Rxf5 34.
Rxf5 Nxf5 35. Rd7+ Kh6 36. Rf7 Kg5 37. Rxh7 Ra6 38. Rh5+ Kf6 39. Nd5+ Kg6 40.
Nf4+ Kf6 41. Nd5+ 1/2-1/2

[Event "New Zealand Open Ch'p 2015"]
[Site "Devonport, Auckland"]
[Date "2015.01.02"]
[Round "2.28"]
[White "Turner, Justin"]
[Black "Morrell, Gordon"]
[Result "0-1"]
[WhiteElo "1434"]
[BlackElo "2147"]
[PlyCount "64"]
[EventDate "2015.01.01"]
[EventType "swiss"]
[EventRounds "9"]
[SourceDate "2015.01.01"]

1. d4 e6 2. Bf4 c5 3. Nf3 cxd4 4. Qxd4 Nc6 5. Qd1 Qb6 6. b3 Nf6 7. e3 Nd5 8.
Bd3 Bb4+ 9. Nbd2 Bc3 10. Rb1 Nxf4 11. exf4 Nb4 12. O-O d5 13. Qe2 g6 14. Bb5+
Kf8 15. a3 Na2 16. Ne5 Qc7 17. Bd3 f6 18. Nef3 Qxf4 19. b4 e5 20. Bb5 Bxd2 21.
Rbd1 Nc3 22. Qd3 Bf5 23. Qxd2 Qxd2 24. Rxd2 Nxb5 25. Rxd5 Nxa3 26. c3 Ke7 27.
Rc5 Rhc8 28. Nh4 b6 29. Nxf5+ gxf5 30. Rxc8 Rxc8 31. Rc1 a5 32. bxa5 bxa5 0-1

[Event "New Zealand Open Ch'p 2015"]
[Site "Devonport, Auckland"]
[Date "2015.01.02"]
[Round "2.29"]
[White "Lauterbach, Ingrid"]
[Black "Huang, Alex"]
[Result "1-0"]
[WhiteElo "2089"]
[BlackElo "2035"]
[PlyCount "97"]
[EventDate "2015.01.01"]
[EventType "swiss"]
[EventRounds "9"]
[SourceDate "2015.01.01"]

1. Nf3 c5 2. g3 g6 3. Bg2 Bg7 4. O-O Nf6 5. d3 O-O 6. e4 d6 7. Nbd2 Nc6 8. c3
Rb8 9. a4 a6 10. Re1 e5 11. Nf1 b5 12. axb5 axb5 13. d4 Qb6 14. dxe5 dxe5 15.
Bg5 h6 16. Bxf6 Bxf6 17. Ne3 Ne7 18. Qc2 Rd8 19. c4 Be6 20. Nd5 Nxd5 21. cxd5
Bg4 22. Nd2 Be7 23. h3 Bd7 24. b3 g5 25. Ra2 Ra8 26. Rea1 Qb7 27. Qb2 Bd6 28.
Nf3 f6 29. Ne1 Rdc8 30. Bf1 Kg7 31. Nc2 Kh7 32. Ne3 Rg8 33. Kg2 Rgf8 34. Be2
Kg6 35. Bg4 Bxg4 36. Nxg4 Rxa2 37. Rxa2 Ra8 38. Ne3 Ra6 39. Qa1 Rxa2 40. Qxa2
Bb8 41. Nf5 Qa7 42. Qd2 Qd7 43. d6 c4 44. bxc4 bxc4 45. Ne7+ Kf7 46. Nf5 Kg6
47. Qd5 Qf7 48. Ne7+ Kg7 49. d7 1-0

[Event "New Zealand Open Ch'p 2015"]
[Site "Devonport, Auckland"]
[Date "2015.01.02"]
[Round "2.30"]
[White "Williams, Doug"]
[Black "Pakenham, John"]
[Result "1-0"]
[WhiteElo "1754"]
[BlackElo "1704"]
[PlyCount "55"]
[EventDate "2015.01.01"]
[EventType "swiss"]
[EventRounds "9"]
[SourceDate "2015.01.01"]

1. d4 d6 2. e4 g6 3. Nc3 Bg7 4. Be3 Nd7 5. Qd2 e5 6. Nf3 Ne7 7. O-O-O exd4 8.
Nxd4 Nc6 9. f4 Nxd4 10. Bxd4 f6 11. Bc4 Nb6 12. Bb3 Bg4 13. Rde1 Qd7 14. Nd5
Rf8 15. h3 Be6 16. Nxc7+ Qxc7 17. Bxe6 Ke7 18. Bb3 a5 19. a4 Rfc8 20. Bxb6 Qxb6
21. Qd5 Rf8 22. Qe6+ Kd8 23. Rd1 Ra6 24. Rd3 Re8 25. Qd5 Qc7 26. Rhd1 Kd7 27.
Bc4 Rb6 28. Bb5+ 1-0

[Event "New Zealand Open Ch'p 2015"]
[Site "Devonport, Auckland"]
[Date "2015.01.02"]
[Round "2.31"]
[White "Laughland, Alexander"]
[Black "Forster, William F"]
[Result "0-1"]
[WhiteElo "1873"]
[BlackElo "1999"]
[PlyCount "24"]
[EventDate "2015.01.01"]
[EventType "swiss"]
[EventRounds "9"]
[SourceDate "2015.01.01"]

1. e4 d6 2. d4 Nf6 3. Nc3 c6 4. f4 Qa5 5. Nf3 Nxe4 6. Bd2 Nxd2 7. Qxd2 Bg4 8.
Be2 e6 9. h3 Bxf3 10. Bxf3 d5 11. a3 Nd7 12. b4 Bxb4 0-1

[Event "New Zealand Open Ch'p 2015"]
[Site "Devonport, Auckland"]
[Date "2015.01.02"]
[Round "2.32"]
[White "Carpinter, Bernard A"]
[Black "Mendoza, Darcy"]
[Result "1-0"]
[WhiteElo "1873"]
[BlackElo "612"]
[PlyCount "35"]
[EventDate "2015.01.01"]
[EventType "swiss"]
[EventRounds "9"]
[SourceDate "2015.01.01"]

1. Nf3 Nc6 2. d4 d5 3. c4 Nf6 4. cxd5 Qxd5 5. Nc3 Qd8 6. d5 Nb4 7. Qa4+ c6 8.
Qxb4 e6 9. Qa4 Nxd5 10. e4 Nxc3 11. bxc3 Bc5 12. Rb1 O-O 13. Be2 e5 14. O-O Kh8
15. Nxe5 f5 16. Qc4 Qa5 17. Nf7+ Kg8 18. Nh6+ 1-0

[Event "New Zealand Open Ch'p 2015"]
[Site "Devonport, Auckland"]
[Date "2015.01.02"]
[Round "2.33"]
[White "Taylor, Richard"]
[Black "Ryu, Rosa"]
[Result "1-0"]
[WhiteElo "1871"]
[BlackElo "684"]
[PlyCount "45"]
[EventDate "2015.01.01"]
[EventType "swiss"]
[EventRounds "9"]
[SourceDate "2015.01.01"]

1. e4 e6 2. d4 d5 3. Nd2 Nf6 4. e5 Nfd7 5. Bd3 Nc6 6. c3 f6 7. Qh5+ Ke7 8. Ndf3
fxe5 9. dxe5 Nc5 10. Bg5+ Kd7 11. Bxd8 Nxd3+ 12. Kd2 Nxf2 13. Bg5 g6 14. Qh4
Nxh1 15. Bf6 Bg7 16. Bxg7 Re8 17. Nh3 Re7 18. Bf6 Re8 19. Rxh1 b6 20. Qxh7+ Ne7
21. Nd4 Ba6 22. Qf7 Rad8 23. Qxe6# 1-0

[Event "New Zealand Open Ch'p 2015"]
[Site "Devonport, Auckland"]
[Date "2015.01.02"]
[Round "2.35"]
[White "James, Jack"]
[Black "Barry, Jacob"]
[Result "1-0"]
[WhiteElo "1867"]
[BlackElo "965"]
[PlyCount "43"]
[EventDate "2015.01.01"]
[EventType "swiss"]
[EventRounds "9"]
[SourceDate "2015.01.01"]

1. e4 e5 2. Nf3 Nc6 3. d3 Nf6 4. Nbd2 d5 5. Be2 d4 6. c3 Bg4 7. h3 Bxf3 8. Nxf3
Qe7 9. Qc2 O-O-O 10. Bd2 h6 11. c4 Qd7 12. a3 Be7 13. Qc1 Nh5 14. Nh2 g6 15.
Bg4 f5 16. exf5 Nf6 17. fxg6 Nxg4 18. Nxg4 b6 19. Nxh6 Rde8 20. g7 Rh7 21. g8=Q
Rxh6 22. Qxe8+ 1-0

[Event "New Zealand Open Ch'p 2015"]
[Site "Devonport, Auckland"]
[Date "2015.01.02"]
[Round "2.36"]
[White "Lee, Amy"]
[Black "Eade, Don G"]
[Result "0-1"]
[WhiteElo "644"]
[BlackElo "1858"]
[PlyCount "70"]
[EventDate "2015.01.01"]
[EventType "swiss"]
[EventRounds "9"]
[SourceDate "2015.01.01"]

1. e4 c5 2. Bc4 d6 3. d3 Nf6 4. Nc3 Nc6 5. f4 g6 6. Nf3 Bg7 7. O-O O-O 8. Qe1
Bg4 9. Ng5 Nd4 10. Rf2 h6 11. Nh3 Qd7 12. Qf1 Nh5 13. Bd2 b5 14. Bd5 Rac8 15.
a3 b4 16. Nb1 Nxc2 17. Ra2 Bd4 18. Bb3 Bxf2+ 19. Nxf2 Nd4 20. Bc4 Ne2+ 21. Kh1
Nhg3+ 22. hxg3 Nxg3+ 23. Kg1 Nxf1 24. Kxf1 Be6 25. Bxe6 Qxe6 26. Ra1 Qb3 27.
Bc3 bxc3 28. Nxc3 Qxb2 29. Re1 Qxc3 30. Ra1 Qxa1+ 31. Ke2 Rb8 32. Ng4 h5 33.
Nh2 Rb2+ 34. Ke3 Qg1+ 35. Kf3 Qf2# 0-1

[Event "New Zealand Open Ch'p 2015"]
[Site "Devonport, Auckland"]
[Date "2015.01.02"]
[Round "2.37"]
[White "Tsagarakis, Angelo"]
[Black "Steadman, Mathew"]
[Result "1-0"]
[WhiteElo "1855"]
[BlackElo "1103"]
[PlyCount "59"]
[EventDate "2015.01.01"]
[EventType "swiss"]
[EventRounds "9"]
[SourceDate "2015.01.01"]

1. d4 Nf6 2. Nf3 d6 3. g3 g6 4. Bg2 Bg7 5. O-O O-O 6. c3 Nfd7 7. Bg5 f6 8. Qb3+
Kh8 9. Be3 e5 10. Nbd2 Nc6 11. h4 f5 12. Ng5 Qe7 13. Ne6 Re8 14. Nxc7 Rb8 15.
Nxe8 Qxe8 16. Nf3 f4 17. gxf4 exf4 18. Bxf4 Qxe2 19. Rae1 Qd3 20. Bxd6 Ra8 21.
Re8+ Nf8 22. Bxf8 Qf5 23. Bc5+ Bf8 24. Rxf8+ Kg7 25. Qg8+ Kh6 26. Rxf5 Bxf5 27.
Qxa8 Be4 28. Qf8+ Kh5 29. Qf4 Bxf3 30. Bxf3# 1-0

[Event "New Zealand Open Ch'p 2015"]
[Site "Devonport, Auckland"]
[Date "2015.01.02"]
[Round "2.38"]
[White "Li, Leo Xiang Yu"]
[Black "Hielscher, Ursula"]
[Result "0-1"]
[WhiteElo "955"]
[BlackElo "1845"]
[PlyCount "62"]
[EventDate "2015.01.01"]
[EventType "swiss"]
[EventRounds "9"]
[SourceDate "2015.01.01"]

1. e4 e6 2. d4 d5 3. e5 c5 4. c3 Nc6 5. Be3 Qb6 6. Qd2 cxd4 7. cxd4 Bb4 8. Nc3
Nge7 9. a3 Bxc3 10. Qxc3 Nf5 11. Nf3 Nxe3 12. fxe3 O-O 13. Bd3 g6 14. O-O Bd7
15. e4 dxe4 16. Bxe4 Rac8 17. b4 Nxe5 18. Qe3 Nc4 19. Qf4 e5 20. Qg3 exd4 21.
Kh1 Ne3 22. Rf2 f5 23. Bd3 Rc3 24. Rd2 Rfc8 25. h3 Bb5 26. Bxb5 Qxb5 27. Rxd4
Rc1+ 28. Rxc1 Rxc1+ 29. Ne1 Qf1+ 30. Kh2 Rxe1 31. Qxe1 Qxe1 0-1

[Event "New Zealand Open Ch'p 2015"]
[Site "Devonport, Auckland"]
[Date "2015.01.02"]
[Round "2.39"]
[White "Seabrook, Roy"]
[Black "McRae, John H"]
[Result "1-0"]
[WhiteElo "1839"]
[BlackElo "1133"]
[PlyCount "91"]
[EventDate "2015.01.01"]
[EventType "swiss"]
[EventRounds "9"]
[SourceDate "2015.01.01"]

1. d4 d5 2. c4 e6 3. Nc3 c5 4. Nf3 Nf6 5. Bg5 Nbd7 6. e3 Be7 7. cxd5 Nxd5 8.
Bxe7 Qxe7 9. Bd3 Rb8 10. O-O b6 11. e4 Nf4 12. d5 O-O 13. Bc4 Rd8 14. Re1 e5
15. Qd2 a6 16. a4 Qf6 17. Ne2 b5 18. axb5 axb5 19. Nxf4 bxc4 20. Nh5 Qg6 21.
Ng3 h6 22. Nf5 Kf8 23. Qc3 Re8 24. Ra3 Ba6 25. Qa5 Rb6 26. Nd2 Reb8 27. Rg3 Qf6
28. Rxg7 Rxb2 29. Rg3 R8b5 30. Qc7 Rxd2 31. Qxd7 Rb8 32. Qa7 Rc8 33. d6 Rxd6
34. Nxd6 Qxd6 35. Rf3 Rc7 36. Qb8+ Bc8 37. Rh3 Ke7 38. Qb2 f6 39. Qc1 Be6 40.
Qxh6 Bf7 41. Ra3 Qb6 42. Ra8 Qd6 43. Rea1 c3 44. Qf8+ Ke6 45. R1a6 Qc6 46. Re8+
1-0

[Event "New Zealand Open Ch'p 2015"]
[Site "Devonport, Auckland"]
[Date "2015.01.02"]
[Round "2.40"]
[White "Yuan, Kimberley"]
[Black "Burke, Matthew WP"]
[Result "0-1"]
[WhiteElo "1038"]
[BlackElo "1833"]
[PlyCount "102"]
[EventDate "2015.01.01"]
[EventType "swiss"]
[EventRounds "9"]
[SourceDate "2015.01.01"]

1. d4 d5 2. c4 c6 3. Nc3 Nf6 4. cxd5 cxd5 5. Nf3 Nc6 6. e3 Bf5 7. Bb5 e6 8. Ne5
Rc8 9. Qa4 Qb6 10. Bxc6+ bxc6 11. O-O Bd6 12. Re1 O-O 13. Ne2 h6 14. b3 Bb4 15.
Rd1 Bc2 16. Rd2 Bxd2 17. Bxd2 Qb5 18. Qxb5 cxb5 19. Bb4 Rfe8 20. Rc1 Bh7 21.
Rxc8 Rxc8 22. h3 a6 23. Ng3 Rc1+ 24. Kh2 Rc2 25. a4 Rxf2 26. axb5 axb5 27. Be7
Ne4 28. Nxe4 Bxe4 29. b4 Rxg2+ 30. Kh1 Re2+ 31. Kg1 Rxe3 32. h4 Rc3 33. Ng4
Rg3+ 34. Kf2 Rxg4 35. Bc5 Rxh4 36. Kg3 g5 37. Kf2 f5 38. Be7 f4 39. Ke2 Rh2+
40. Kd1 f3 41. Bd6 Ra2 42. Ke1 Bd3 43. Bg3 Re2+ 44. Kd1 Rg2 45. Be1 f2 46. Bxf2
Rxf2 47. Ke1 Ra2 48. Kd1 g4 49. Kc1 g3 50. Kd1 g2 51. Kc1 g1=Q# 0-1

[Event "New Zealand Open Ch'p 2015"]
[Site "Devonport, Auckland"]
[Date "2015.01.02"]
[Round "2.41"]
[White "Maris, Natalie A"]
[Black "Nylund, Micah"]
[Result "1-0"]
[WhiteElo "1824"]
[BlackElo "1200"]
[PlyCount "59"]
[EventDate "2015.01.01"]
[EventType "swiss"]
[EventRounds "9"]
[SourceDate "2015.01.01"]

1. e4 c5 2. d4 cxd4 3. c3 dxc3 4. Nxc3 Nc6 5. Nf3 g6 6. Bc4 Bg7 7. O-O d6 8.
Qe2 Nf6 9. Rd1 O-O 10. Bf4 b6 11. h3 Bb7 12. Rac1 Na5 13. Bd3 d5 14. exd5 Nxd5
15. Nxd5 Bxd5 16. Bc7 Bxf3 17. Qxf3 Qd7 18. Be4 Qe8 19. Bxa8 Qxa8 20. Qxa8 Rxa8
21. Rd8+ Rxd8 22. Bxd8 Bxb2 23. Rc8 Be5 24. Bc7+ Kg7 25. Bxe5+ Kh6 26. g4 Nb7
27. h4 Nc5 28. Rg8 Ne6 29. Bc3 Nf4 30. Bg7# 1-0

[Event "New Zealand Open Ch'p 2015"]
[Site "Devonport, Auckland"]
[Date "2015.01.02"]
[Round "2.42"]
[White "Meng, Richard"]
[Black "Fan, Allen Chi Zhou"]
[Result "1/2-1/2"]
[WhiteElo "1106"]
[BlackElo "1816"]
[PlyCount "112"]
[EventDate "2015.01.01"]
[EventType "swiss"]
[EventRounds "9"]
[SourceDate "2015.01.01"]

1. d4 Nf6 2. c4 g6 3. Nc3 Bg7 4. e4 d6 5. Bg5 O-O 6. Nf3 Nbd7 7. Be2 h6 8. Bh4
e5 9. Qd2 Qe7 10. Nd5 Qd8 11. Nxf6+ Nxf6 12. dxe5 dxe5 13. Qxd8 Rxd8 14. Nxe5
g5 15. Bg3 Nxe4 16. Nd3 Nxg3 17. fxg3 Bf5 18. Rd1 Bxd3 19. Rxd3 Rxd3 20. Bxd3
Bxb2 21. Kd2 Re8 22. Rb1 Bd4 23. Rxb7 Bb6 24. c5 Bxc5 25. Rxc7 Be3+ 26. Kc2 Bb6
27. Rd7 Re5 28. Bc4 Rf5 29. g4 Rf2+ 30. Rd2 Rf4 31. Be2 Kg7 32. g3 Rf2 33. Bc4
Rxd2+ 34. Kxd2 Bg1 35. h4 Bf2 36. hxg5 hxg5 37. Ke2 Bxg3 38. Kf3 Bf4 39. Ke4
Kf6 40. Bb3 a5 41. a4 Kg6 42. Bc4 Bd2 43. Bb3 Kf6 44. Bc4 Bc3 45. Bb3 Ke7 46.
Bc4 Kf8 47. Bb3 Kg7 48. Bc4 Kg6 49. Bb3 f5+ 50. gxf5+ Kh5 51. Kf3 Kh4 52. Kg2
Kg4 53. Be6 Kf4 54. Bd7 g4 55. Bc8 g3 56. Bd7 Bd4 1/2-1/2

[Event "New Zealand Open Ch'p 2015"]
[Site "Devonport, Auckland"]
[Date "2015.01.02"]
[Round "2.43"]
[White "Rains, Timothy"]
[Black "Holdaway, Steven"]
[Result "1/2-1/2"]
[WhiteElo "1814"]
[BlackElo "1387"]
[PlyCount "122"]
[EventDate "2015.01.01"]
[EventType "swiss"]
[EventRounds "9"]
[SourceDate "2015.01.01"]

1. d4 Nf6 2. c4 g6 3. Nc3 Bg7 4. e4 d6 5. Be3 O-O 6. Be2 Nbd7 7. g4 e5 8. d5
Nc5 9. Bf3 a5 10. h4 h5 11. gxh5 gxh5 12. Bxc5 dxc5 13. Bxh5 Kh7 14. Nh3 Bh6
15. Ng5+ Kg8 16. Rg1 Bg7 17. Be2 Ra6 18. h5 Ng4 19. Bxg4 Qxg5 20. Rg3 Qh4 21.
Kd2 Rf6 22. Qg1 Bxg4 23. Rxg4 Qxf2+ 24. Qxf2 Rxf2+ 25. Ke3 Rh2 26. Rag1 Rh3+
27. Kd2 Rh2+ 28. Kc1 Rxh5 29. Rxg7+ Kh8 30. R7g4 f5 31. exf5 Rfxf5 32. Ne4 Rf7
33. Rg8+ Kh7 34. Ng5+ Kxg8 35. Nxf7+ Kxf7 36. Kc2 Rh3 37. Rf1+ Ke7 38. Rf5 Re3
39. Kd2 Re4 40. Kd3 Re1 41. Kc3 Re3+ 42. Kd2 Re4 43. Kc3 Re3+ 44. Kc2 Re2+ 45.
Kb3 c6 46. dxc6 bxc6 47. Rh5 Kd6 48. Rh8 a4+ 49. Kc3 a3 50. Rh6+ Kc7 51. bxa3
Rxa2 52. Kb3 Rd2 53. Re6 Re2 54. a4 Re3+ 55. Kb2 Kb6 56. Re8 e4 57. Re5 Re2+
58. Kc3 Re3+ 59. Kb2 Re2+ 60. Kc3 Re3+ 61. Kb2 Re2+ 1/2-1/2

[Event "New Zealand Open Ch'p 2015"]
[Site "Devonport, Auckland"]
[Date "2015.01.02"]
[Round "2.44"]
[White "Mallela, Raivath"]
[Black "Shaw, Robin A"]
[Result "0-1"]
[WhiteElo "1190"]
[BlackElo "1813"]
[PlyCount "68"]
[EventDate "2015.01.01"]
[EventType "swiss"]
[EventRounds "9"]
[SourceDate "2015.01.01"]

1. d4 f5 2. Nc3 Nf6 3. Bg5 e6 4. Nf3 Be7 5. e3 d5 6. Bd3 Nbd7 7. O-O Ne4 8.
Bxe7 Qxe7 9. Nb5 Ndf6 10. Ne5 c6 11. Nc3 Nd6 12. Re1 Bd7 13. Na4 b6 14. c4 dxc4
15. Bf1 O-O 16. Nc3 b5 17. a4 a6 18. axb5 axb5 19. b3 Nd5 20. Na2 c3 21. Qc2 b4
22. Nd3 Ne4 23. f3 Nef6 24. e4 fxe4 25. fxe4 Nc7 26. Ndxb4 c5 27. dxc5 Qxc5+
28. Kh1 Ng4 29. Nd3 Qh5 30. h3 Nb5 31. Kg1 Ne5 32. Nxe5 Qxe5 33. Bxb5 Bxb5 34.
Qxc3 Qb8 {and Black won on time when White was bringing his scoresheet up to
date,} 0-1

[Event "New Zealand Open Ch'p 2015"]
[Site "Devonport, Auckland"]
[Date "2015.01.02"]
[Round "2.45"]
[White "Fairley, Natasha"]
[Black "Nylund, Timothy"]
[Result "1-0"]
[WhiteElo "1796"]
[BlackElo "1405"]
[PlyCount "65"]
[EventDate "2015.01.01"]
[EventType "swiss"]
[EventRounds "9"]
[SourceDate "2015.01.01"]

1. e4 d6 2. d4 g6 3. Nf3 Bg7 4. Be3 Nd7 5. Nbd2 a6 6. Bc4 b5 7. Bb3 e6 8. c3
Bb7 9. O-O Ne7 10. Bc2 O-O 11. h3 c5 12. Nh2 Qc7 13. Ndf3 Nf6 14. Nd2 c4 15.
Ng4 Rfd8 16. Nh6+ Kf8 17. g4 Neg8 18. g5 Nh5 19. Qf3 Bxh6 20. gxh6 d5 21. e5
Rdb8 22. Qg2 Qd8 23. Bd1 Bc8 24. Bxh5 b4 25. Bf3 Ke8 26. Bg5 Qa5 27. Rac1 Kd7
28. Nxc4 Qb5 29. Nd6 Qc6 30. Nxf7 Nxh6 31. Bxh6 Kc7 32. Qg5 Kb7 33. Nd8+ 1-0

[Event "New Zealand Open Ch'p 2015"]
[Site "Devonport, Auckland"]
[Date "2015.01.02"]
[Round "2.46"]
[White "Braganza, Nadia"]
[Black "Lyall, Simon"]
[Result "0-1"]
[WhiteElo "1334"]
[BlackElo "1786"]
[PlyCount "116"]
[EventDate "2015.01.01"]
[EventType "swiss"]
[EventRounds "9"]
[SourceDate "2015.01.01"]

1. e4 e5 2. Nf3 Nf6 3. Nxe5 d6 4. Nf3 Nxe4 5. Qe2 Qe7 6. d3 Nf6 7. Bg5 Nbd7 8.
Nbd2 Qxe2+ 9. Bxe2 h6 10. Bh4 g5 11. Bg3 Nb6 12. O-O Bd7 13. Nc4 Nxc4 14. dxc4
O-O-O 15. Bd3 Bg7 16. Rfe1 Rde8 17. h4 g4 18. Nd4 Nh5 19. Nb5 Nxg3 20. fxg3
Bxb2 21. Nxa7+ Kb8 22. Rxe8+ Rxe8 23. Rb1 Bd4+ 24. Kf1 Kxa7 25. h5 Re5 26. a3
Rxh5 27. Ke2 Re5+ 28. Kf1 Re3 29. Bh7 Rxg3 30. Re1 Be6 31. Bd3 Re3 32. Rb1 d5
33. cxd5 Bxd5 34. Rb5 c6 35. Ra5+ Kb8 36. Ra4 Be5 37. Rxg4 Bg3 38. Be2 b5 39.
a4 Bc4 40. Rg8+ Kb7 41. a5 Bxe2+ 42. Kg1 Bc4 43. a6+ Kxa6 44. Ra8+ Kb7 45. Ra1
Re1+ 46. Rxe1 Bxe1 47. Kh2 Be2 48. Kg1 Bd1 49. Kf1 Bc3 50. Kf2 Bxc2 51. Ke2 b4
52. Ke3 b3 53. Ke2 b2 54. Ke3 b1=Q 55. Kf3 Qe1 56. g4 Qe4+ 57. Kg3 Be1+ 58. Kh3
Qh1# 0-1

[Event "New Zealand Open Ch'p 2015"]
[Site "Devonport, Auckland"]
[Date "2015.01.02"]
[Round "2.47"]
[White "Louie, Jared"]
[Black "Wei, Louie"]
[Result "1/2-1/2"]
[WhiteElo "1783"]
[BlackElo "1423"]
[PlyCount "76"]
[EventDate "2015.01.01"]
[EventType "swiss"]
[EventRounds "9"]
[SourceDate "2015.01.01"]

1. d4 d5 2. c4 c6 3. g3 Nf6 4. Nf3 Bf5 5. Bg2 g6 6. Nc3 Bg7 7. O-O O-O 8. Nh4
Bd7 9. cxd5 cxd5 10. Nxd5 Nxd5 11. Bxd5 Bc6 12. Bxc6 Nxc6 13. e3 Qd6 14. Nf3
Rad8 15. Qb3 Rd7 16. Bd2 Rfd8 17. Bc3 Qf6 18. d5 Qxf3 19. dxc6 Qxc6 20. Rac1
Bxc3 21. Rxc3 Qf3 22. Qb4 Rd1 23. Rc1 Rxc1 24. Rxc1 Rd1+ 25. Rxd1 Qxd1+ 26. Kg2
Qd5+ 27. e4 Qd7 28. a4 b6 29. b3 e6 30. h4 f5 31. exf5 exf5 32. Qc4+ Kf8 33.
Qc3 Kf7 34. Qh8 Ke6 35. Qg8+ Ke5 36. f4+ Kf6 37. Qh8+ Ke6 38. Qe5+ Kf7 1/2-1/2

[Event "New Zealand Open Ch'p 2015"]
[Site "Devonport, Auckland"]
[Date "2015.01.02"]
[Round "2.48"]
[White "Yan, Sarah"]
[Black "Rossiter, Philip E"]
[Result "0-1"]
[WhiteElo "1390"]
[BlackElo "1775"]
[PlyCount "104"]
[EventDate "2015.01.01"]
[EventType "swiss"]
[EventRounds "9"]
[SourceDate "2015.01.01"]

1. d4 e6 2. c4 Nf6 3. Nc3 Bb4 4. Bd2 O-O 5. Nf3 c5 6. e3 d6 7. Bd3 Nc6 8. O-O
e5 9. d5 Ne7 10. Qc2 Ng6 11. Bxg6 hxg6 12. e4 Bg4 13. Qd3 Nh5 14. h3 Bd7 15. a3
Bxc3 16. Qxc3 f5 17. Qd3 f4 18. h4 Nf6 19. b4 b6 20. b5 Nh7 21. Rfe1 Bg4 22. a4
Bxf3 23. Qxf3 Qxh4 24. Qh3 Qxh3 25. gxh3 Kf7 26. Kg2 Rh8 27. Rh1 Nf6 28. Kf3 a6
29. Bc3 axb5 30. cxb5 g5 31. a5 bxa5 32. Rxa5 Rxa5 33. Bxa5 g4+ 34. Kg2 f3+ 35.
Kg1 Ra8 36. Bc3 Nxe4 37. Bb2 Rb8 38. hxg4 Rxb5 39. Ba3 Rb1+ 40. Kh2 Rxh1+ 41.
Kxh1 Nxf2+ 42. Kg1 Nxg4 43. Kf1 e4 44. Bc1 e3 45. Ke1 f2+ 46. Kf1 Nh2+ 47. Kg2
f1=Q+ 48. Kxh2 Qxc1 49. Kg2 e2 50. Kf3 e1=Q 51. Kg4 Qcd1+ 52. Kf4 Qe5# 0-1

[Event "New Zealand Open Ch'p 2015"]
[Site "Devonport, Auckland"]
[Date "2015.01.02"]
[Round "2.49"]
[White "Smith, Vivian J"]
[Black "Li, Rodney Xiang Rei"]
[Result "1-0"]
[WhiteElo "1762"]
[BlackElo "1452"]
[PlyCount "44"]
[EventDate "2015.01.01"]
[EventType "swiss"]
[EventRounds "9"]
[SourceDate "2015.01.01"]

1. e4 e5 2. Nf3 Nc6 3. d4 exd4 4. Bc4 Nf6 5. e5 Qe7 6. O-O Ng4 7. Bg5 Qc5 8.
Bb3 Ngxe5 9. Nxe5 Nxe5 10. Nd2 Nc6 11. Re1+ Be7 12. Bxe7 Nxe7 13. Qe2 d5 14.
Bxd5 c6 15. Bb3 Qd6 16. Nc4 Qf6 17. Ne5 O-O 18. Nxf7 Nd5 19. Ne5 Re8 20. Qe4
Bf5 21. Qxd4 Qd6 22. Nf3 Bg6 {and the rest of the moves are incomprehensible/
missing/etc,} 1-0

[Event "New Zealand Open Ch'p 2015"]
[Site "Devonport, Auckland"]
[Date "2015.01.02"]
[Round "2.50"]
[White "Wang, Aaron Ziwen"]
[Black "Nicholls, Leighton"]
[Result "0-1"]
[WhiteElo "1409"]
[BlackElo "1757"]
[PlyCount "100"]
[EventDate "2015.01.01"]
[EventType "swiss"]
[EventRounds "9"]
[SourceDate "2015.01.01"]

1. c4 Nf6 2. Nc3 c5 3. Nf3 g6 4. g3 Bg7 5. Bg2 O-O 6. O-O Nc6 7. d4 cxd4 8.
Nxd4 Nxd4 9. Qxd4 d6 10. Qd3 Nd7 11. e4 b6 12. f4 Bb7 13. Be3 Nc5 14. Bxc5 dxc5
15. Rad1 Qd4+ 16. Qxd4 Bxd4+ 17. Kh1 Bxc3 18. bxc3 Rad8 19. Rfe1 Bc6 20. e5 Ba4
21. Rc1 Rd2 22. Ra1 Rfd8 23. Rec1 Rb2 24. Re1 Rdd2 25. Bf3 Rxh2+ 26. Kg1 Rh3
27. Ba8 Rxg3+ 28. Kh1 Rxc3 29. Rac1 Bc2 30. Bc6 Rxc4 31. Bd5 Rxf4 32. e6 f5 33.
Kg1 Rg4+ 34. Kh1 Be4+ 35. Bxe4 Rxe4 36. Red1 Rxe6 37. Ra1 Rd6 38. Re1 Kf7 39.
Re5 Rbd2 40. Ree1 Kf6 41. Kg1 e5 42. Kh1 e4 43. Kg1 Ke5 44. Rf1 f4 45. Rfe1 f3
46. Rf1 Rg2+ 47. Kh1 Rdd2 48. Rfe1 Rh2+ 49. Kg1 Rdg2+ 50. Kf1 Rh1# 0-1